Flyover Countries #2 - Statistics

General Stats
  • This quiz has been taken 803 times
  • The average score is 14 of 20
Answer Stats
clue country % Correct
Manila, Singapore Malaysia
95%
Delhi, Shanghai Nepal
93%
Kiev, Berlin Poland
92%
Alexandria, Kyiv Turkey
82%
Palermo, Skopje Albania
81%
Damascus, Nicosia Lebanon
81%
Sydney, Lima New Zealand
80%
Phnom Penh, Mandalay Thailand
79%
Algiers, Benghazi Tunisia
79%
Reykjavík, Boston Canada
75%
Luanda, Cape Town Namibia
75%
Djibouti, Mecca Eritrea
69%
Doha, Muscat United Arab Emirates
68%
Recife, Edmonton United States
68%
Niamey, Khartoum Chad
66%
Anchorage, Helsinki Norway
62%
Bangui, Kampala Dem Rep Congo
56%
Baku, Malé Iran
55%
Jakarta, Sana'a Maldives
51%
Cairns, Suva Vanuatu
40%
No matching quizzes found
Score Distribution
Percent of People with Each Score
Percentile by Number Answered
Your Score History
You have not taken this quiz